みどりの窓口設置駅(1967年10月) - Statistics

General Stats
  • This quiz has been taken 28 times
    15 since last reset
  • The average score is 145 of 172
Answer Stats
Hint Answer % Correct
北海道 釧路 釧路
100%
北海道 十勝 帯広
100%
北海道 上川 旭川
100%
北海道 石狩 札幌
100%
北海道 渡島 函館
100%
東日本 青森 青森
100%
東日本 青森 弘前
100%
東日本 秋田 秋田
100%
東日本 岩手 盛岡
100%
東日本 宮城 仙台
100%
東日本 山形 山形
100%
東日本 福島 福島
100%
東日本 福島
100%
東日本 茨城 水戸
100%
東日本 群馬 高崎
100%
東日本 新潟 新潟
100%
東日本 新潟 長岡
100%
東日本 長野 長野
100%
東日本 長野 松本
100%
東日本 山梨 甲府
100%
東日本 神奈川 小田原
100%
東日本 静岡 熱海
100%
東日本 静岡 伊東
100%
東京国電 埼玉 大宮
100%
東京国電 埼玉 浦和
100%
東京国電 千葉 千葉
100%
東京国電 城北 赤羽
100%
東京国電 城東 上野
100%
東京国電 都心 秋葉原
100%
東京国電 都心 神田
100%
東京国電 都心 東京
100%
東京国電 都心 有楽町
100%
東京国電 都心 新橋
100%
東京国電 都心 田町
100%
東京国電 都心 品川
100%
東京国電 城南 目黒
100%
東京国電 副都心 渋谷
100%
東京国電 副都心 新宿
100%
東京国電 副都心 高田馬場
100%
東京国電 副都心 池袋
100%
東京国電 副都心 巣鴨
100%
東京国電 都心 御茶ノ水
100%
東京国電 城西 中野
100%
東京国電 23区外 立川
100%
東京国電 23区外 八王子
100%
東京国電 神奈川 川崎
100%
東京国電 神奈川 横浜
100%
東海 静岡 三島
100%
東海 静岡 沼津
100%
東海 静岡 静岡
100%
東海 静岡 浜松
100%
東海 愛知 豊橋
100%
東海 愛知 岡崎
100%
東海 愛知 名古屋
100%
東海 愛知 尾張一宮
100%
東海 岐阜 岐阜
100%
北海道 胆振 室蘭
91%
北海道 後志 小樽
91%
東日本 岩手 一ノ関
91%
東日本 山形 酒田
91%
東日本 福島 郡山
91%
東日本 栃木 宇都宮
91%
東日本 長野 軽井沢
91%
東京国電 城東 御徒町
91%
東京国電 城東 錦糸町
91%
東京国電 城南 五反田
91%
東京国電 神奈川 大船
91%
東海 三重 四日市
91%
西日本② 岡山 岡山
91%
東日本 岩手 花巻
82%
東日本 福島 会津若松
82%
東日本 群馬 水上
82%
東日本 新潟 直江津
82%
東京国電 城東 北千住
82%
東京国電 城南 大井町
82%
東京国電 城南 大森
82%
東京国電 城南 蒲田
82%
東京国電 副都心 四ツ谷
82%
東京国電 城西 荻窪
82%
東京国電 23区外 吉祥寺
82%
東京国電 神奈川 新横浜
82%
東海 静岡 清水
82%
東海 愛知 刈谷
82%
東海 愛知 熱田
82%
東海 三重 松阪
82%
西日本① 富山 富山
82%
西日本① 富山 高岡
82%
西日本① 石川 金沢
82%
西日本① 福井 福井
82%
西日本① 福井 敦賀
82%
西日本① 滋賀 米原
82%
西日本① 和歌山 新宮
82%
西日本① 和歌山 白浜
82%
西日本① 和歌山 東和歌山
82%
大阪周辺 滋賀 大津
82%
大阪周辺 京都 京都
82%
大阪周辺 大阪 新大阪
82%
大阪周辺 大阪 大阪
82%
大阪周辺 兵庫 三ノ宮
82%
大阪周辺 兵庫 神戸
82%
大阪周辺 奈良 奈良
82%
大阪周辺 大阪 京橋
82%
大阪周辺 大阪 天王寺
82%
西日本② 兵庫 姫路
82%
西日本② 岡山 倉敷
82%
西日本② 広島 広島
82%
西日本② 山口 岩国
82%
西日本② 山口 徳山
82%
西日本② 山口 下関
82%
西日本② 京都 福知山
82%
西日本② 鳥取 鳥取
82%
西日本② 鳥取 米子
82%
西日本② 島根 松江
82%
四国 香川 高松
82%
四国 徳島 徳島
82%
四国 高知 高知
82%
四国 愛媛 松山
82%
九州 福岡 門司
82%
九州 福岡 小倉
82%
九州 福岡 博多
82%
九州 福岡 久留米
82%
九州 熊本 熊本
82%
九州 鹿児島 西鹿児島
82%
九州 鹿児島 鹿児島
82%
九州 大分 大分
82%
九州 宮崎 宮崎
82%
九州 佐賀 佐賀
82%
九州 長崎 佐世保
82%
九州 長崎 長崎
82%
東日本 栃木 黒磯
73%
東日本 群馬 渋川
73%
東日本 新潟 東三条
73%
東日本 長野 上諏訪
73%
東京国電 城北 王子
73%
東京国電 城東 新小岩
73%
東京国電 城東 両国
73%
東京国電 城西 阿佐ヶ谷
73%
東海 愛知 千種
73%
西日本① 滋賀 彦根
73%
大阪周辺 兵庫 尼崎
73%
大阪周辺 大阪 鶴橋
73%
西日本② 広島 福山
73%
西日本② 広島 尾道
73%
西日本② 広島 三原
73%
西日本② 広島
73%
西日本② 山口 小郡
73%
九州 福岡 黒崎
73%
九州 福岡 大牟田
73%
九州 大分 別府
73%
九州 宮崎 延岡
73%
東日本 栃木 日光
64%
東日本 群馬 桐生
64%
東京国電 城東 浅草橋
64%
東京国電 都心 飯田橋
64%
東京国電 神奈川 鎌倉
64%
東海 岐阜 岐阜羽島
64%
西日本① 石川 大聖寺
64%
大阪周辺 兵庫 芦屋
64%
大阪周辺 兵庫 明石
64%
大阪周辺 大阪 湊町
64%
西日本② 兵庫 加古川
64%
西日本② 山口 防府
64%
西日本② 兵庫 豊岡
64%
東日本 青森 尻内
55%
東京国電 神奈川 関内
55%
西日本① 石川 動橋
55%
西日本② 岡山 宇野
55%
西日本② 山口 宇部新川
55%
九州 福岡 飯塚
55%
大阪周辺 大阪 放出
45%
大阪周辺 大阪 玉造
45%
大阪周辺 大阪 堺市
45%
No matching quizzes found
Score Distribution
Percent of People with Each Score
Percentile by Number Answered
Your Score History
You have not taken this quiz since the last reset